000
00274nam a22001217a 4500
020
_a
NA
082
_2
22
_a
690.05
100
_a
Deodhar, S. V.
245
_a
Buidling science and planning /
260
_b
Khanna Publishers,
_c
c2005.
300
_a
0
_b
ill. ;
942
_2
ddc
_c
CIVIL
999
_c
3971
_d
3971